Les 3 meilleurs gardiens par pays dans l'histoire - Statistiques

Statistiques générales
  • Ce quiz a été pris 189 fois
    105 depuis la dernière actualisation
  • Le résultat moyen est 13 sur 30
Statistiques - réponses
Pays Club principal Joueurs % Correct
France Tottenham Hotspurs Hugo Lloris
99%
France Olympique de Marseille Fabien Barthez
93%
Italie Juventus Turin Gianluigi Buffon
93%
Allemagne Bayern Munich Manuel Neuer
92%
Espagne Réal Madrid Iker Casillas
91%
Belgique Réal Madrid Thibaut Courtois
81%
Allemagne Bayern Munich Oliver Kahn
76%
Espagne FC Barcelone Victor Valdes
73%
Pays-Bas Manchester United Edwin Van der Sar
72%
France Paris Saint Germain Bernard Lama
68%
Brésil AC Milan Nelson Dida
66%
Russie Dynamo Moscou Lev Yachine
51%
Italie Juventus Turin Dino Zoff
46%
Portugal Sporting Portugal Rui Patricio
43%
Angleterre FC Arsenal David Seaman
33%
Angleterre Leicester City Gordon Banks
30%
Brésil Parme AC Claudio Taffarel
28%
Belgique KV Malines Michel Preud'homme
28%
Russie CSKA Moscou Igor Akinfeev
26%
Espagne FC Barcelone Andoni Zubizarreta
24%
Portugal FC Porto Vitor Baia
24%
Italie Inter Milan Francesco Toldo
21%
Allemagne Bayern Munich Sepp Maier
19%
Belgique SV Beveren Jean-Marie Pfaff
12%
Angleterre Leicester City Peter Shilton
12%
Portugal Boavista FC Ricardo Pereira
10%
Pays-Bas Ajax Amsterdam Maarten Stekelenburg
9%
Brésil Palmeiras Marcos
4%
Pays-Bas DWS Amsterdam Jan Jogbloed
2%
Russie Spartak Moscou Rinat Dazaev
2%
Aucun quiz correspondant
Distribution des résultats
% des personnes avec chaque résultat
Percentile par nombre de réponses
Votre historique - résultats
Vous n’avez pas pris ce quiz depuis la dernière actualisation